| 000 | 01007cab a2200301 4500 | ||
|---|---|---|---|
| 001 | ABS55201 | ||
| 008 | 090401t1996 xxu||||| |||| 00| 0 eng d | ||
| 035 | _a(Sirsi) u14781 | ||
| 041 | _aeng | ||
| 100 | _aCullen, S. | ||
| 245 | _aMust a surety guarantee an AGA? | ||
| 260 | _c1996 | ||
| 350 | _a0 | ||
| 490 |
_aEstates Gazette _v(9619) 11 May 1996, 118-119(2) |
||
| 520 | _aQuestions landlords` practice of requiring sureties for outgoing tenants` authorised guarantee agreements following privity abolition under the Landlord and Tenant (Covenants) Act 1995. Looks closely at some sections of the Act. | ||
| 650 | _aASSIGNMENT | ||
| 650 | _aAUTHORISED GUARANTEE AGREEMENTS | ||
| 650 | _aGUARANTEES | ||
| 650 | _aGUARANTOR LIABILITY | ||
| 650 | _aLANDLORD AND TENANT (COVENANTS) ACT 1995 | ||
| 650 | _aLEASES | ||
| 650 | _aSURETIES | ||
| 650 | _aTENANTS GUARANTEE COVENANT | ||
| 690 | _aPROPERTY-LANDLORD AND TENANT | ||
| 700 | _aPotterton, R. | ||
| 942 | _n0 | ||
| 948 | _c04/03/1997 | ||
| 999 |
_c9649 _d9649 |
||